000 00521nam a2200145 i 4500
001 190106
003 ES-MaACL
005 20230906223637.0
008 200729s1863 sp |||| | spa d
110 2 _aSociedad General Española de Descuentos.
_bSucursal de Valencia.
_9170215
245 1 0 _aEsposición [sic] que... elevan a S. M. los accionistas de la Sociedad General Española de Descuentos.
260 _aValencia :
_b[s.n.],
_c1863 (
_fImp. La Opinión)
300 _a8 p. ;
_c21 cm.
852 _aES-MaACL
_jT-82-F-8
999 _c190106
_d190106